00946nam a22002655a 450000500170000000800410001702000210005804000280007908200200010724500920012726000370021930000340025649000250029050000200031554100440033565000270037965000420040665000210044865100100046965300300047970000300050994200080053999900150054795201180056220171206102859.0171206t1983 enka fr 001 0 eng d a0852004028 (pbk) aEG-ScBUEbengcEG-ScBUE04a617.51bOTO22204aOtorhinolaryngology :bincluding oral medicine and surgery /cedited by A. G. D. Maran. aLancaster :bMTP Press,cc.1983. axii, 229 p. :bill. ;c28 cm.0 aNew Medicine ;vv. 4 aIncludes Index. aDonations from Bibliotheca Alexandrina. 7aOtolaryngology.2BUEsh 7aOtorhinolaryngologic Diseases.2BUEsh 7aMedicine.2BUEsh 2BUEsh bPPhrmbNNURcDecember20171 aMaran, A. G. D.,eeditor. 2ddc c3450d3450 00102ddc40708alxlibaMAINbMAINc1STd2012-04-07eDonationl0o617.51 OTOp000030107r2025-07-15 00:00:00yBB